| 000 | 00396nam a2200133Ia 4500 | ||
|---|---|---|---|
| 008 | 191014s9999 xx 000 0 und d | ||
| 020 | _a978-0-07-070218-9 | ||
| 082 |
_a530 _bWIC |
||
| 100 |
_aEyvind H. Wichmann _923725 |
||
| 245 | 0 | _aBerkeley Physics Courcse Quantum Physics (In SI Units)(Vol 4) | |
| 260 |
_aIndia _bMcGraw hill Education Private Ltd _c1971 |
||
| 300 | _aXix,423 | ||
| 942 | _cBK | ||
| 999 |
_c531358 _d531358 |
||